000
00321nam a2200121 a 4500
005
20140414132054.0
008
110714s19uu xx 00 eng d
050
_a
ER
_b
A1
100
_a
Pastor, S.A.
245
_a
The arrogant Cockerel.
260
_a
Batu Caves, Selangor, Malaysia :
_b
Kiddibird Sdn Bhd.
999
_c
114252
_d
114252